[Event "TCh-RUS Blitz 2015"]
[Site "Sochi RUS"]
[Date "2015.05.10"]
[Round "9.26"]
[White "Belyakov, Bogdan"]
[Black "Vavulin, Maksim"]
[Result "1/2-1/2"]
[WhiteTitle "IM"]
[BlackTitle "IM"]
[WhiteElo "2478"]
[BlackElo "2442"]
[WhiteTeam "Yamal (YaNAO)"]
[BlackTeam "Our heritage junior (Moscow)"]
[WhiteFideId "24104795"]
[BlackFideId "4169530"]
[EventDate "2015.05.10"]

1. e4 e5 2. Nf3 Nc6 3. Bb5 a6 4. Bxc6 dxc6 5. O-O Qd6 6. d4 exd4 7. Qxd4 Bg4 8.
Qe3 Ne7 9. h3 Bh5 10. Nc3 Bxf3 11. Qxf3 Ng6 12. Rd1 Qe6 13. Ne2 Bd6 14. Nd4 Qe5
15. g3 O-O 16. Be3 Rfe8 17. Nf5 Bf8 18. Rd7 f6 19. Rad1 Rac8 20. Bd4 Qxe4 21.
Qb3+ Qe6 22. Be3 Qxb3 23. axb3 Ne5 24. R7d4 Nf3+ 25. Kg2 Nxd4 26. Nxd4 Rcd8 27.
Ra1 c5 28. Nf3 Bd6 29. Ra4 Ra8 30. Rg4 a5 31. h4 Kf7 32. h5 b6 33. Nh4 Bf8 34.
Nf5 Re5 35. Rf4 Rd8 36. g4 Rd1 37. Kf3 Rb1 38. Bd2 Rd5 39. Bc3 b5 40. Ne3 Rd6
41. Be5 Re6 42. Bxc7 Rxb2 43. Bxa5 Bd6 44. Rf5 Re5 45. Bc3 Rxf5+ 46. Nxf5 Rxc2
47. Nxd6+ Ke6 48. Nxb5 Rc1 49. Ke3 Rb1 50. Kd3 Rxb3 51. Kc4 Rb1 52. Nc7+ Kd7 53.
Nd5 h6 54. Kxc5 Rg1 55. Ne3 Ke6 56. Kd4 Kf7 57. Ke4 Rb1 58. Bd4 Rc1 59. f3 Rb1
60. Nf5 Rc1 61. Be3 Rb1 62. Nd6+ Ke6 63. Nf5 Kf7 64. Kf4 Rb4+ 65. Kg3 Rb3 66.
Bd4 Rb4 67. Bc5 Rb3 68. Nd6+ Kg8 69. Ne4 Kf7 70. Bd6 Rd3 71. Bf4 Ra3 72. Nd6+
Kg8 73. Bd2 Rd3 74. Bf4 Ra3 75. Ne4 Kf7 76. Bd6 Rb3 77. Kf4 Rd3 78. Bc5 Rb3 79.
Bd4 Rd3 80. Bf2 Ra3 1/2-1/2

[Event "TCh-RUS Blitz 2015"]
[Site "Sochi RUS"]
[Date "2015.05.10"]
[Round "9.27"]
[White "Savenkov, Konstantin"]
[Black "Goryachkina, Aleksandra"]
[Result "0-1"]
[WhiteTitle "FM"]
[BlackTitle "WGM"]
[WhiteElo "2320"]
[BlackElo "2474"]
[WhiteTeam "Our heritage junior (Moscow)"]
[BlackTeam "Yamal (YaNAO)"]
[WhiteFideId "4138600"]
[BlackFideId "4147103"]
[EventDate "2015.05.10"]

1. e4 e5 2. Nf3 Nc6 3. Bc4 Bc5 4. c3 Nf6 5. d4 exd4 6. cxd4 Bb4+ 7. Bd2 Bxd2+ 8.
Nbxd2 d5 9. exd5 Nxd5 10. O-O O-O 11. Rc1 Bg4 12. h3 Bh5 13. Re1 Nb6 14. Ba6
Nxd4 15. Bxb7 Rb8 16. Rc5 Bg6 17. Be4 Qd6 18. Rc1 Bh5 19. Re3 Rfd8 20. Qe1 f5
21. Bb1 c5 22. Nxd4 cxd4 23. Rd3 Bg6 24. Nb3 Qf6 25. Rd2 Rd7 26. Rcd1 Rbd8 27.
Qf1 Bf7 28. Qb5 Bc4 29. Qb4 f4 30. Be4 Bd5 31. Bxd5+ Rxd5 32. Rxd4 f3 33. Rxd5
Rxd5 34. Rxd5 Nxd5 35. Qb8+ Kf7 36. Qb7+ Ne7 37. Qxf3 Qxf3 38. gxf3 Nc6 39. a3
Ne5 40. Nd4 Nc4 41. Nc6 0-1

[Event "TCh-RUS Blitz 2015"]
[Site "Sochi RUS"]
[Date "2015.05.10"]
[Round "9.28"]
[White "Sergeyev, Alexander"]
[Black "Shuvalova, Polina"]
[Result "1-0"]
[WhiteTitle "FM"]
[BlackTitle "WFM"]
[WhiteElo "2380"]
[BlackElo "2212"]
[WhiteTeam "Yamal (YaNAO)"]
[BlackTeam "Our heritage junior (Moscow)"]
[WhiteFideId "13702076"]
[BlackFideId "24171760"]
[EventDate "2015.05.10"]

1. e4 c5 2. Nc3 Nc6 3. Bb5 g6 4. Bxc6 bxc6 5. d3 Bg7 6. Nf3 d6 7. O-O Nf6 8. e5
dxe5 9. Nxe5 Nd5 10. Re1 Nxc3 11. bxc3 Qd5 12. Qe2 O-O 13. c4 Qd6 14. Rb1 f6 15.
Nf3 e5 16. Ba3 Re8 17. Qe3 Bf8 18. h3 Bf5 19. Nd2 e4 20. Nxe4 Bxe4 21. dxe4 Qe6
22. Bxc5 Qxc4 23. Bxf8 Rxf8 24. Qb3 Qxb3 25. axb3 Rfd8 26. Red1 Kf7 27. Kf1 Ke6
28. Ke2 Rxd1 29. Rxd1 a5 30. Ra1 Ke5 31. Ke3 Ke6 32. Ra4 Kd6 33. b4 Ra6 34. Rxa5
Rb6 35. c3 Rb7 36. f4 Ke6 37. g4 Kd6 38. h4 Ke6 39. g5 fxg5 40. hxg5 Kd6 41. f5
gxf5 42. exf5 Rf7 43. Kf4 Re7 44. Ra6 Kd5 45. Ra5+ Kd6 46. g6 hxg6 47. fxg6 Re6
48. Kf5 Re3 49. g7 Rxc3 50. g8=Q 1-0

[Event "TCh-RUS Blitz 2015"]
[Site "Sochi RUS"]
[Date "2015.05.10"]
[Round "9.29"]
[White "Balashov, Yuri S"]
[Black "Triapishko, Olexandr"]
[Result "0-1"]
[WhiteTitle "GM"]
[WhiteElo "2443"]
[BlackElo "2393"]
[WhiteTeam "Our Heritage veterans (Moscow)"]
[BlackTeam "Crimea (Republic of Crimea)"]
[WhiteFideId "4100263"]
[BlackFideId "14122286"]
[EventDate "2015.05.10"]

1. e4 c6 2. d3 d5 3. Nd2 g6 4. g3 Bg7 5. Bg2 e5 6. Ngf3 Ne7 7. O-O O-O 8. b4 a5
9. bxa5 Rxa5 10. a4 b5 11. c3 Na6 12. Qc2 Nc5 13. exd5 Nxd5 14. d4 Bf5 15. Qb2
Nxa4 16. Qa3 Ndxc3 17. Nxe5 Ne2+ 18. Kh1 Nxd4 19. Nxc6 Nxc6 20. Bxc6 Qf6 0-1

[Event "TCh-RUS Blitz 2015"]
[Site "Sochi RUS"]
[Date "2015.05.10"]
[Round "9.30"]
[White "Shemeakin, Alexander"]
[Black "Dragomarezkij, Evgeni"]
[Result "0-1"]
[WhiteTitle "IM"]
[BlackTitle "IM"]
[WhiteElo "2247"]
[BlackElo "2393"]
[WhiteTeam "Crimea (Republic of Crimea)"]
[BlackTeam "Our Heritage veterans (Moscow)"]
[WhiteFideId "14101840"]
[BlackFideId "4101944"]
[EventDate "2015.05.10"]

1. d4 Nf6 2. c4 e6 3. Nc3 Bb4 4. Qc2 c5 5. dxc5 O-O 6. Nf3 Na6 7. a3 Bxc3+ 8.
Qxc3 Nxc5 9. b4 Nce4 10. Qc2 b6 11. e3 Ba6 12. Bd3 d5 13. b5 Bb7 14. cxd5 Rc8
15. Qe2 Qxd5 16. O-O Nc3 17. Qd2 Nxb5 18. Rd1 Nc3 19. Re1 Rfd8 20. Bf1 Qh5 21.
Qb2 Bxf3 22. gxf3 Qxf3 23. Bg2 Qh5 24. Bd2 Nce4 25. Bb4 Ng5 26. Qe2 Ng4 27. Rac1
Qxh2+ 28. Kf1 Nh3 29. Qxg4 Rxc1 30. Qxh3 Rxe1+ 31. Kxe1 Qe5 32. Bf3 a5 33. Bd2
Qb2 0-1

[Event "TCh-RUS Blitz 2015"]
[Site "Sochi RUS"]
[Date "2015.05.10"]
[Round "9.31"]
[White "Kremenietsky, Anatoly M."]
[Black "Alexeev, Alexey"]
[Result "0-1"]
[WhiteTitle "IM"]
[BlackTitle "IM"]
[WhiteElo "2316"]
[BlackElo "2320"]
[WhiteTeam "Our Heritage veterans (Moscow)"]
[BlackTeam "Crimea (Republic of Crimea)"]
[WhiteFideId "4103467"]
[BlackFideId "14106663"]
[EventDate "2015.05.10"]

1. d4 Nf6 2. Nf3 g6 3. c4 Bg7 4. Nc3 O-O 5. e4 d6 6. Be2 e5 7. O-O Nc6 8. Be3
Ng4 9. Bg5 f6 10. Bc1 exd4 11. Nxd4 f5 12. Nxc6 bxc6 13. exf5 gxf5 14. h3 Ne5
15. f4 Ng6 16. Bf3 Bd7 17. g3 Re8 18. Qd3 Rb8 19. Rb1 c5 20. Bd2 Qf6 21. Be3 Kh8
22. Nd5 Qd8 23. b3 c6 24. Nc3 Rxe3 25. Qxd6 Bxc3 26. Qxc5 Qe7 27. Qxa7 Rg8 28.
Rbd1 Nxf4 29. Rxd7 Rxg3+ 30. Kh1 Rxh3+ 31. Kg1 Qg5+ 0-1

[Event "TCh-RUS Blitz 2015"]
[Site "Sochi RUS"]
[Date "2015.05.10"]
[Round "9.32"]
[White "Gritsayeva, Oksana"]
[Black "Melnik, Viktor"]
[Result "1-0"]
[WhiteTitle "WFM"]
[WhiteElo "2328"]
[BlackElo "2141"]
[WhiteTeam "Crimea (Republic of Crimea)"]
[BlackTeam "Our Heritage veterans (Moscow)"]
[WhiteFideId "14104652"]
[BlackFideId "4189205"]
[EventDate "2015.05.10"]

1. e4 c5 2. Nf3 Nf6 3. Nc3 Nc6 4. Bb5 g6 5. Bxc6 dxc6 6. h3 Bg7 7. d3 Nd7 8. Be3
e5 9. a3 Qe7 10. Qd2 h6 11. O-O Nf8 12. b4 Ne6 13. bxc5 Nxc5 14. d4 exd4 15.
Bxd4 Ne6 16. Bxg7 Nxg7 17. Rfe1 Be6 18. Rab1 Rd8 19. Qe3 b6 20. a4 g5 21. Ne2
O-O 22. Ng3 Qd6 23. Qc3 c5 24. e5 Qd5 25. Ne4 Qc4 26. Nf6+ Kh8 27. Qe3 Nf5 28.
Qa3 Qa2 29. Qxa2 Bxa2 30. Rb2 Bc4 31. g4 Nd4 32. Nxd4 Rxd4 33. a5 b5 34. Ne4 a6
35. Nxc5 Re8 36. Nxa6 Re6 37. Nc5 Rc6 38. Ne4 Rd5 39. Nf6 Rd2 40. Kg2 Be2 41.
Ne4 Rdxc2 42. Rxc2 Rxc2 43. Ra1 Rc4 44. a6 Ra4 45. Rxa4 bxa4 46. a7 1-0

[Event "TCh-RUS Blitz 2015"]
[Site "Sochi RUS"]
[Date "2015.05.10"]
[Round "9.34"]
[White "Ivanov, Alexander Al."]
[Black "Nechaev, Oleg"]
[Result "0-1"]
[WhiteTitle "GM"]
[WhiteElo "2420"]
[BlackElo "2329"]
[WhiteTeam "HQ Rakita - NIU BSU (Belgorod)"]
[BlackTeam "Stavropol region"]
[WhiteFideId "4126360"]
[BlackFideId "24113409"]
[EventDate "2015.05.10"]

1. e4 c5 2. Nf3 Nc6 3. Bb5 g6 4. O-O Bg7 5. Re1 Nf6 6. e5 Nd5 7. Bxc6 dxc6 8. d3
O-O 9. Nbd2 b6 10. a4 a5 11. Nc4 Rb8 12. h3 Ba6 13. c3 Nc7 14. Qe2 Ne6 15. Ng5
Bxc4 16. dxc4 Qc8 17. h4 Nxg5 18. hxg5 Qf5 19. g4 Qe6 20. f4 Rbd8 21. Qf3 f6 22.
gxf6 exf6 23. f5 fxe5 24. Rf1 e4 25. fxe6 Rxf3 26. Rxf3 exf3 27. Bg5 Re8 28. Re1
Bf8 29. e7 Bg7 30. Re6 Kf7 31. Rxc6 h6 32. Bh4 g5 33. Bf2 Rxe7 34. Rxb6 Re2 35.
Kf1 h5 36. gxh5 g4 37. Rg6 Re4 38. Bxc5 0-1

[Event "TCh-RUS Blitz 2015"]
[Site "Sochi RUS"]
[Date "2015.05.10"]
[Round "9.35"]
[White "Rozhko, Dmitry"]
[Black "Khoroshilov, Nikita"]
[Result "1-0"]
[WhiteTitle "FM"]
[WhiteElo "2342"]
[BlackElo "2274"]
[WhiteTeam "Stavropol region"]
[BlackTeam "HQ Rakita - NIU BSU (Belgorod)"]
[WhiteFideId "4150430"]
[BlackFideId "24145122"]
[EventDate "2015.05.10"]

1. d4 g6 2. e4 d6 3. c3 Nf6 4. Bd3 Bg7 5. Nf3 O-O 6. h3 Nbd7 7. O-O e5 8. Re1
Re8 9. Bg5 h6 10. Bh4 g5 11. Bg3 Nh5 12. Bh2 Nf4 13. Bf1 Qf6 14. Nbd2 Nf8 15.
Nc4 h5 16. dxe5 dxe5 17. Ne3 c6 18. Nd2 N8g6 19. Ndc4 Rd8 20. Qc2 b5 21. Na5 Nh4
22. Red1 Re8 23. Rd2 Bf8 24. Rad1 Bc5 25. Bg3 Nxh3+ 26. gxh3 Nf3+ 27. Kg2 h4 28.
Nf5 hxg3 29. Kxf3 Bxf2 30. Rd6 Be6 31. Nxc6 Qh8 32. Ke2 Qh5+ 33. Kd2 Bxf5 34.
exf5 e4 35. Kc1 Bc5 36. Rd7 e3 37. Be2 Qxh3 38. Qd3 g2 39. Rg1 Qg3 40. Qd5 Qf2
41. Rxg2 Qe1+ 42. Kc2 Qd2+ 43. Qxd2 exd2 44. Kxd2 Be3+ 45. Kc2 Kg7 46. Bxb5 1-0

[Event "TCh-RUS Blitz 2015"]
[Site "Sochi RUS"]
[Date "2015.05.10"]
[Round "9.36"]
[White "Ananikian, Andrey"]
[Black "Bykov, Egor"]
[Result "0-1"]
[WhiteElo "2118"]
[BlackElo "2263"]
[WhiteTeam "HQ Rakita - NIU BSU (Belgorod)"]
[BlackTeam "Stavropol region"]
[WhiteFideId "4197623"]
[BlackFideId "34115290"]
[EventDate "2015.05.10"]

1. d4 d5 2. Nf3 Nf6 3. e3 Bf5 4. Bd3 Bg6 5. O-O e6 6. Ne5 Nbd7 7. f4 Bd6 8. h3
c6 9. b3 Qb6 10. Bb2 a5 11. c4 Qc7 12. Qc2 Bxd3 13. Qxd3 O-O 14. Nd2 a4 15. c5
Be7 16. b4 b6 17. g4 Ne8 18. Rac1 bxc5 19. bxc5 f6 20. Nxd7 Qxd7 21. Bc3 Nc7 22.
Nb1 Nb5 23. Ba1 e5 24. Na3 e4 0-1

[Event "TCh-RUS Blitz 2015"]
[Site "Sochi RUS"]
[Date "2015.05.10"]
[Round "10.1"]
[White "Andreikin, Dmitry"]
[Black "Chigaev, Maksim"]
[Result "1-0"]
[WhiteTitle "GM"]
[BlackTitle "IM"]
[WhiteElo "2723"]
[BlackElo "2496"]
[WhiteTeam "University (Belorechensk)"]
[BlackTeam "SDYUSSHOR Hilti (St. Petersburg)"]
[WhiteFideId "4158814"]
[BlackFideId "4108116"]
[EventDate "2015.05.10"]

1. d4 d6 2. e4 Nf6 3. Nc3 e5 4. Nf3 exd4 5. Nxd4 Be7 6. Bc4 O-O 7. Bb3 Re8 8.
O-O c6 9. Re1 Bf8 10. Bf4 Nbd7 11. h3 Ne5 12. a4 a5 13. Qd2 Bd7 14. Rad1 Qb6 15.
Qe3 Qc5 16. Nf5 Qb4 17. Ng3 Nc4 18. Bxc4 Qxc4 19. Bxd6 Nd5 20. Nxd5 cxd5 21.
Bxf8 Rxf8 22. Rxd5 Bc6 23. Rd2 Qxa4 24. Nf5 f6 25. Qg3 g6 26. e5 Kh8 27. Ne7 Qb4
28. Nxg6+ hxg6 29. c3 Qc4 30. Rd6 Kg7 31. exf6+ Rxf6 32. Re7+ Kf8 33. Rxf6+ Kxe7
34. Qd6+ 1-0

[Event "TCh-RUS Blitz 2015"]
[Site "Sochi RUS"]
[Date "2015.05.10"]
[Round "10.2"]
[White "Levin, Evgeny A."]
[Black "Jobava, Baadur"]
[Result "0-1"]
[WhiteTitle "GM"]
[BlackTitle "GM"]
[WhiteElo "2518"]
[BlackElo "2699"]
[WhiteTeam "SDYUSSHOR Hilti (St. Petersburg)"]
[BlackTeam "University (Belorechensk)"]
[WhiteFideId "4182596"]
[BlackFideId "13601520"]
[EventDate "2015.05.10"]

1. d4 d5 2. c4 c6 3. Nf3 Nf6 4. e3 g6 5. Nc3 Bg7 6. Be2 O-O 7. O-O Bg4 8. cxd5
cxd5 9. Qb3 b6 10. h3 Bxf3 11. Bxf3 e6 12. Bd2 Nc6 13. Rfc1 Na5 14. Qd1 Nc4 15.
b3 Nxd2 16. Qxd2 Ne8 17. Rc2 Nd6 18. Rac1 Qd7 19. Be2 Qb7 20. Nb5 Ne4 21. Qb4
Rfc8 22. Rc7 Bf8 23. Qa4 Rxc7 24. Rxc7 Qb8 25. Rxa7 Rxa7 26. Qxa7 Qxa7 27. Nxa7
Nc3 28. Bd3 Nxa2 29. Nb5 Bb4 30. Kf1 Kf8 31. Bb1 Nc1 32. Bc2 Ke7 33. Na7 Kd7 34.
Nb5 f6 35. h4 e5 36. dxe5 fxe5 37. f3 Kc6 38. Na7+ Kc5 39. h5 gxh5 40. Nc8 d4
41. exd4+ exd4 42. Bxh7 d3 43. Ne7 Kd4 44. Nc6+ Kc3 45. Ke1 0-1

[Event "TCh-RUS Blitz 2015"]
[Site "Sochi RUS"]
[Date "2015.05.10"]
[Round "10.3"]
[White "Alekseev, Evgeny"]
[Black "Usmanov, Vasily"]
[Result "1/2-1/2"]
[WhiteTitle "GM"]
[BlackTitle "IM"]
[WhiteElo "2653"]
[BlackElo "2462"]
[WhiteTeam "University (Belorechensk)"]
[BlackTeam "SDYUSSHOR Hilti (St. Petersburg)"]
[WhiteFideId "4138147"]
[BlackFideId "4135741"]
[EventDate "2015.05.10"]

1. e4 d5 2. exd5 Qxd5 3. Nc3 Qd8 4. d4 c6 5. Bc4 Nf6 6. Nf3 Bf5 7. O-O e6 8. Bd3
Bg6 9. Bf4 Nbd7 10. Ne2 Nh5 11. Be3 Bd6 12. c4 Nhf6 13. Ng3 Bxd3 14. Qxd3 O-O
15. Ne4 Nxe4 16. Qxe4 h6 17. Rfd1 Qf6 18. h3 Rfe8 19. Rac1 Rad8 20. Qc2 1/2-1/2

[Event "TCh-RUS Blitz 2015"]
[Site "Sochi RUS"]
[Date "2015.05.10"]
[Round "10.4"]
[White "Palchun, Grigory"]
[Black "Tregubov, Pavel V."]
[Result "0-1"]
[BlackTitle "GM"]
[WhiteElo "2288"]
[BlackElo "2571"]
[WhiteTeam "SDYUSSHOR Hilti (St. Petersburg)"]
[BlackTeam "University (Belorechensk)"]
[WhiteFideId "24147338"]
[BlackFideId "4115341"]
[EventDate "2015.05.10"]

1. e4 c5 2. Nc3 e6 3. g3 d5 4. d3 Nf6 5. Bg2 d4 6. Nce2 Nc6 7. f4 Be7 8. Nf3 O-O
9. O-O Rb8 10. h3 b5 11. g4 Qb6 12. f5 exf5 13. gxf5 Nd7 14. Nf4 Nde5 15. Nd5
Qd8 16. Nxe5 Nxe5 17. f6 Bxf6 18. Nxf6+ gxf6 19. Bh6 Re8 20. Qe1 Kh8 21. Qh4 Rg8
22. Kh1 Rg6 23. Bf4 Be6 24. Rf2 Qg8 25. Raf1 Qg7 26. Bf3 Rg8 27. Bh2 Rh6 28. Qf4
Bxh3 29. Rg1 Qxg1+ 30. Bxg1 Bg2# 0-1

[Event "TCh-RUS Blitz 2015"]
[Site "Sochi RUS"]
[Date "2015.05.10"]
[Round "10.6"]
[White "Inarkiev, Ernesto"]
[Black "Artemiev, Vladislav"]
[Result "0-1"]
[WhiteTitle "GM"]
[BlackTitle "GM"]
[WhiteElo "2664"]
[BlackElo "2671"]
[WhiteTeam "SHSM-Our Heritage-2 (Moscow)"]
[BlackTeam "Rook (Kazan)"]
[WhiteFideId "4162722"]
[BlackFideId "24101605"]
[EventDate "2015.05.10"]

1. d4 d5 2. c4 c6 3. Nf3 Nf6 4. e3 Bf5 5. Nc3 e6 6. Nh4 Bg6 7. Nxg6 hxg6 8. Bd2
Nbd7 9. Qb3 Rb8 10. g3 Be7 11. Bg2 Nb6 12. cxd5 exd5 13. O-O Nc4 14. Be1 Qb6 15.
e4 Rd8 16. exd5 cxd5 17. Nxd5 Nxd5 18. Qxc4 Nf6 19. Qa4+ Rd7 20. Ba5 Qa6 21.
Rfe1 O-O 22. Bf1 Qd6 23. Bb5 Rdd8 24. Bxd8 Bxd8 25. Qxa7 Bb6 26. Qxb7 Bxd4 27.
Re2 Ng4 28. Qc6 Qb4 29. Rd1 Bxf2+ 30. Rxf2 Nxf2 31. Kxf2 Qxb2+ 32. Kg1 Qxa2 33.
Rf1 Qa7+ 34. Kg2 Kh7 35. Bc4 Qe7 36. Qf3 f5 37. Qf4 g5 38. Qd4 g4 39. Qd3 g6 40.
Rd1 Qe5 41. Qe2 Qxe2+ 42. Bxe2 Rf7 43. Rd6 Kg7 44. Bc4 Rc7 45. Bd3 Ra7 46. Rc6
Ra2+ 47. Rc2 Ra7 48. Kf2 Kf6 49. Ke3 Re7+ 50. Kf4 g5# 0-1

[Event "TCh-RUS Blitz 2015"]
[Site "Sochi RUS"]
[Date "2015.05.10"]
[Round "10.7"]
[White "Timofeev, Artyom"]
[Black "Popov, Ivan RUS"]
[Result "1/2-1/2"]
[WhiteTitle "GM"]
[BlackTitle "GM"]
[WhiteElo "2534"]
[BlackElo "2648"]
[WhiteTeam "Rook (Kazan)"]
[BlackTeam "SHSM-Our Heritage-2 (Moscow)"]
[WhiteFideId "4140419"]
[BlackFideId "4170350"]
[EventDate "2015.05.10"]

1. c4 e5 2. Nc3 Nf6 3. Nf3 Nc6 4. d3 Bc5 5. g3 h6 6. Bg2 d6 7. O-O a6 8. e3 O-O
9. b3 Ba7 10. Bb2 Ne7 11. d4 exd4 12. Nxd4 Bg4 13. Qd2 Qc8 14. Rac1 Bh3 15. e4
Bxg2 16. Kxg2 Nc6 17. Nf5 Re8 18. f3 Ne7 19. Ne3 c6 20. Ncd1 Qe6 21. Re1 Rad8
22. Nc3 Nd7 23. Rcd1 Ne5 24. h3 f5 25. f4 Nf7 26. Nc2 Qg6 27. Qd3 fxe4 28. Rxe4
Nf5 29. g4 Nh4+ 30. Kg3 Rxe4 31. Qxe4 Qxe4 32. Nxe4 Ng6 33. f5 Nge5 34. Nd4 Bxd4
35. Bxd4 Kf8 36. Kf4 c5 37. Bxc5 g5+ 38. fxg6 Nxg6+ 39. Kf5 Ne7+ 40. Ke6 dxc5
41. Rxd8+ Nxd8+ 42. Kd7 Ndc6 43. Nxc5 Ne5+ 44. Kc7 b5 45. cxb5 axb5 46. Kb6 b4
47. Na6 Nd3 48. Kb5 Nd5 49. Kc4 N5f4 50. h4 Ke7 51. Nxb4 Ne5+ 52. Kc5 Nxg4 53.
a4 Kd7 54. a5 Kc7 55. Nd5+ Nxd5 56. Kxd5 Ne3+ 57. Ke5 h5 58. Kf4 Nf1 59. Kg5 Ng3 1/2-1/2

[Event "TCh-RUS Blitz 2015"]
[Site "Sochi RUS"]
[Date "2015.05.10"]
[Round "10.8"]
[White "Potkin, Vladimir"]
[Black "Sharafiev, Azat"]
[Result "1/2-1/2"]
[WhiteTitle "GM"]
[BlackTitle "IM"]
[WhiteElo "2599"]
[BlackElo "2415"]
[WhiteTeam "SHSM-Our Heritage-2 (Moscow)"]
[BlackTeam "Rook (Kazan)"]
[WhiteFideId "4131061"]
[BlackFideId "4186214"]
[EventDate "2015.05.10"]

1. d4 g6 2. e4 Bg7 3. Nf3 d6 4. Be2 Nf6 5. Nc3 O-O 6. O-O Nc6 7. d5 Nb8 8. Re1
c6 9. a4 a5 10. h3 Nbd7 11. Bf1 Qc7 12. Bg5 Nc5 13. Qd2 e5 14. dxe6 Nxe6 15. Bh6
Rd8 16. Bxg7 Kxg7 17. Rad1 Qb6 18. b3 Qb4 19. Qe3 Qc5 20. e5 Ne8 21. Qxc5 Nxc5
22. exd6 Be6 23. Re5 b6 24. Ne4 Nxe4 25. Rxe4 Rxd6 26. Rxd6 Nxd6 27. Re3 c5 28.
Ne5 Nf5 29. Rd3 Nd4 30. Rd2 Bf5 31. Bd3 Re8 32. Bxf5 Rxe5 33. Bd3 Re1+ 34. Kh2
Rc1 35. Kg3 1/2-1/2

[Event "TCh-RUS Blitz 2015"]
[Site "Sochi RUS"]
[Date "2015.05.10"]
[Round "10.9"]
[White "Bocharov, Ivan"]
[Black "Nepomniachtchi, Ian"]
[Result "1/2-1/2"]
[WhiteTitle "FM"]
[BlackTitle "GM"]
[WhiteElo "2489"]
[BlackElo "2728"]
[WhiteTeam "56 parallel (Krasnoyarsk)"]
[BlackTeam "Our Heritage SHSM-1 (Moscow)"]
[WhiteFideId "4180887"]
[BlackFideId "4168119"]
[EventDate "2015.05.10"]

1. f4 d5 2. Nf3 Bg4 3. Ne5 Bf5 4. c4 Nd7 5. cxd5 Nxe5 6. fxe5 Qxd5 7. d4 O-O-O
8. e3 e6 9. Nc3 Bb4 10. Qa4 Qa5 11. Qxa5 Bxa5 12. Bd2 Ne7 13. Rc1 Kb8 14. Na4
Bxd2+ 15. Kxd2 f6 16. exf6 gxf6 17. Bd3 Rdg8 18. g3 b6 19. Rhf1 Bxd3 20. Kxd3 f5
21. Nc3 h5 22. Ne2 h4 23. gxh4 Rxh4 24. Nf4 Rxh2 25. Nxe6 Rgg2 26. Rg1 Rd2+ 27.
Kc4 Rh6 28. Kc3 Rf2 29. Nf4 Rc6+ 30. Kb3 Rf3 31. Rce1 Rd6 32. Kc2 Nc6 33. Rgf1
Rg3 34. Rg1 Rf3 35. Rgf1 Rxf1 36. Rxf1 Rh6 37. a3 Kb7 38. Rg1 Rh7 39. Rg5 Ne7
40. Kd3 Rf7 41. d5 Nc8 42. Kd4 Nd6 43. b3 Rh7 44. Ne6 Rh4+ 45. Kd3 Rh1 46. Rg7
Rd1+ 47. Ke2 Rc1 48. Rd7 Ne4 49. Rf7 a5 50. Nd4 Rc5 51. Nxf5 Nc3+ 52. Kd3 Nxd5
53. Nd6+ Kb8 54. Ne4 Rc1 55. Kd2 Ra1 56. a4 Ra2+ 57. Kd3 Nb4+ 58. Kc4 Rc2+ 59.
Kd4 Rc1 60. Nf6 Nc6+ 61. Kd5 Rc5+ 62. Ke4 Ne5 63. Re7 Nc6 64. Nd7+ Kc8 65. Nxc5
Nxe7 66. Nd3 Kd7 67. Kd4 Kd6 68. e4 Nc6+ 69. Kc4 Na7 70. Kd4 Nc6+ 71. Kc4 Na7 1/2-1/2

[Event "TCh-RUS Blitz 2015"]
[Site "Sochi RUS"]
[Date "2015.05.10"]
[Round "10.10"]
[White "Najer, Evgeniy"]
[Black "Kiriakov, Petr"]
[Result "1-0"]
[WhiteTitle "GM"]
[BlackTitle "GM"]
[WhiteElo "2663"]
[BlackElo "2535"]
[WhiteTeam "Our Heritage SHSM-1 (Moscow)"]
[BlackTeam "56 parallel (Krasnoyarsk)"]
[WhiteFideId "4118987"]
[BlackFideId "4119231"]
[EventDate "2015.05.10"]

1. e4 e6 2. d4 d5 3. Nc3 Nf6 4. e5 Nfd7 5. f4 c5 6. Nf3 Nc6 7. Be3 cxd4 8. Nxd4
Bc5 9. Qd2 Bxd4 10. Bxd4 Nxd4 11. Qxd4 Qb6 12. Qxb6 Nxb6 13. Bd3 Ke7 14. O-O-O
Bd7 15. b3 g5 16. fxg5 Rag8 17. h4 h6 18. g6 fxg6 19. Ne2 g5 20. Rdf1 gxh4 21.
Rxh4 Be8 22. Rb4 Rxg2 23. a4 Bc6 24. Nf4 Rg5 25. Ng6+ Rxg6 26. Bxg6 Nd7 27. Re1
Rg8 28. Rg4 a5 29. Bh5 Rg5 30. Rxg5 hxg5 31. Kd2 b5 32. axb5 Bxb5 33. Kc3 Nb8
34. Rg1 Nc6 35. Rxg5 a4 36. bxa4 Bxa4 37. Be2 d4+ 38. Kd2 Nb4 39. Bd3 Be8 40.
Rg7+ Kd8 41. Be4 Bc6 42. Bd3 Ke8 43. Rg4 Bd5 44. Rxd4 Nc6 45. Bb5 Ke7 46. Rxd5 1-0

[Event "TCh-RUS Blitz 2015"]
[Site "Sochi RUS"]
[Date "2015.05.10"]
[Round "10.11"]
[White "Zablotsky, Sergei"]
[Black "Grachev, Boris"]
[Result "0-1"]
[WhiteTitle "GM"]
[BlackTitle "GM"]
[WhiteElo "2525"]
[BlackElo "2666"]
[WhiteTeam "56 parallel (Krasnoyarsk)"]
[BlackTeam "Our Heritage SHSM-1 (Moscow)"]
[WhiteFideId "4131606"]
[BlackFideId "4129199"]
[EventDate "2015.05.10"]

1. Nf3 d5 2. g3 c6 3. Bg2 Bf5 4. O-O h6 5. d3 e6 6. c4 dxc4 7. dxc4 Nd7 8. Nc3
Ngf6 9. Be3 Be7 10. Qb3 Qc7 11. Rfd1 Ng4 12. Bf4 e5 13. Bd2 Nc5 14. Qa3 Nxf2 15.
Rf1 Ng4 16. b4 Ne6 17. h3 Nf6 18. g4 Bh7 19. Nh4 a5 20. c5 O-O 21. Nf5 Bxf5 22.
gxf5 axb4 0-1

[Event "TCh-RUS Blitz 2015"]
[Site "Sochi RUS"]
[Date "2015.05.10"]
[Round "10.12"]
[White "Dubov, Daniil"]
[Black "Mikhel, Vladislav"]
[Result "1-0"]
[WhiteTitle "GM"]
[BlackTitle "FM"]
[WhiteElo "2659"]
[BlackElo "2347"]
[WhiteTeam "Our Heritage SHSM-1 (Moscow)"]
[BlackTeam "56 parallel (Krasnoyarsk)"]
[WhiteFideId "24126055"]
[BlackFideId "4140435"]
[EventDate "2015.05.10"]

1. d4 d5 2. c4 e6 3. Nc3 Nf6 4. cxd5 exd5 5. Bg5 Nbd7 6. e3 Be7 7. Bd3 O-O 8.
Nge2 Re8 9. O-O Nf8 10. b4 c6 11. b5 Bg4 12. bxc6 bxc6 13. Qa4 Qd7 14. h3 Bxe2
15. Nxe2 Ne6 16. Bh4 Ne4 17. Bxe7 Rxe7 18. Rfc1 Rc8 19. Rab1 N6g5 20. Ba6 Rc7
21. Nf4 h6 22. Rb8+ Kh7 23. Bd3 g6 24. Rb2 Ne6 25. Ne2 Ng7 26. Rbc2 Re6 27. Nf4
Rf6 28. Qa5 c5 29. Nxd5 Qxd5 30. Qxc7 cxd4 31. exd4 Qxd4 32. Bxe4 Qxe4 33. Qxa7
Ne6 34. Qe3 Qd5 35. Rd2 Qb5 36. Qc3 Rf5 37. Rb2 Qa4 38. Rb8 Rc5 39. Qh8# 1-0